Night and day [sound recording] / Robert B. Parker.
Paradise, Massachusetts, police chief Jesse Stone is back in Robert B. Parker's 8th installment of the Jesse Stone series.
Record details
- ISBN: 073935745X
- Physical Description: 5 sound discs (5 hr.) : digital ; 4 3/4 in.
- Edition: Unabridged.
- Publisher: New York : Random House Audio, p2009.
Content descriptions
| Creation/Production Credits Note: | Producer, Dan Zitt; director, David Rapkin. |
| Participant or Performer Note: | Read by James Naughton. |
| System Details Note: | Compact disc. |
Search for related items by subject
| Subject: | Police chiefs > Massachusetts > Fiction. Sex crimes > Investigation > Fiction. Voyeurism > Fiction. Audiobooks. |
| Genre: | Mystery fiction. |
Search for related items by series
Available copies
- 1 of 1 copy available at scottsboropl.
Holds
- 0 current holds with 1 total copy.
Other Formats and Editions
Show Only Available Copies
| Location | Call Number / Copy Notes | Barcode | Shelving Location | Status | Due Date |
|---|---|---|---|---|---|
| scottsboropl | BK/CD Par | 32269000825326 | Adult - Audiobook | Available | - |
| LDR | 01434pim a2200385 a 4500 | ||
|---|---|---|---|
| 001 | 131156 | ||
| 003 | CONS | ||
| 005 | 20160216112737.0 | ||
| 007 | sd fungnnmpnnd | ||
| 008 | 080523s2009 nyunnn f eng d | ||
| 020 | . | ‡a073935745X | |
| 024 | 8 | . | ‡z9780739357453 |
| 028 | 0 | 2. | ‡aRHCD 2476 ‡bRandom House Audio |
| 035 | . | ‡a(CPomAG)LMN501804 | |
| 043 | . | ‡an-us-ma | |
| 050 | 1 | 4. | ‡aPS3566.A686 ‡bN53 2009ab |
| 082 | 0 | 4. | ‡a813/.54 ‡222 |
| 100 | 1 | . | ‡aParker, Robert B., ‡d1932-2010. |
| 245 | 1 | 0. | ‡aNight and day ‡h[sound recording] / ‡cRobert B. Parker. |
| 250 | . | ‡aUnabridged. | |
| 260 | . | ‡aNew York : ‡bRandom House Audio, ‡cp2009. | |
| 300 | . | ‡a5 sound discs (5 hr.) : ‡bdigital ; ‡c4 3/4 in. | |
| 508 | . | ‡aProducer, Dan Zitt; director, David Rapkin. | |
| 511 | 0 | . | ‡aRead by James Naughton. |
| 520 | . | ‡aParadise, Massachusetts, police chief Jesse Stone is back in Robert B. Parker's 8th installment of the Jesse Stone series. | |
| 538 | . | ‡aCompact disc. | |
| 650 | 0. | ‡aPolice chiefs ‡zMassachusetts ‡vFiction. | |
| 650 | 0. | ‡aSex crimes ‡xInvestigation ‡vFiction. | |
| 650 | 0. | ‡aVoyeurism ‡vFiction. | |
| 650 | 0. | ‡aAudiobooks. | |
| 655 | 7. | ‡aMystery fiction. ‡2gsafd | |
| 700 | 1 | . | ‡aNaughton, James, ‡d1945- ‡enarrator. |
| 830 | 0. | ‡aParker, Robert B., ‡d1932-2010. ‡tJesse Stone novels. | |
| 959 | . | ‡i32269000825326 ‡lBK/CD Par ‡aAdult - Audiobook ‡tAudiobook ‡g30.00 | |
| 852 | . | ‡p32269000825326 ‡jBK/CD Par ‡gAdult - Audiobook ‡cAudiobook ‡y30.00 ‡bSBPL | |
| 901 | . | ‡a131156 ‡bUnknown ‡c131156 ‡tbiblio | |